Państwa graniczące z Indiami - Statystyki

Ogólne statystyki
  • Ten quiz został rozwiązany 218 razy
  • Średni wynik to 5 z 6
Statystyki odpowiedzi
Długość Państwo % Poprawnych
3,380 km Chiny
98%
1,690 km Nepal
95%
2,912 km Pakistan
95%
4,053 km Bangladesz
88%
605 km Bhutan
87%
1,463 km Mjanma
83%
Nie znaleziono quizów pasujących do podanych kryteriów
Rozkład punktacji
Procent ludzi z każdym wynikiem
Percentyl według liczby udzielonych odpowiedzi
Twoja historia wyników
Nie rozwiązałeś tego quizu